{"text_format":"3","workbook":"xlsx","n_sheets":1,"sheets":["t168"],"read":"whole","date_system":"1900"}

{"sheet":"t168","index":0,"n_rows":115,"n_cols":7,"rows_kept":115,"merged":[[0,0,0,6],[30,0,30,5],[34,0,34,5],[103,0,103,5]]}
["TABELA 168.1 - Estatísticas Agrícolas, Município de Embu das Artes, Estado de São Paulo, 2007/08."]
["ITEM","UNIDADE","N.DE UPAs","MÍNIMO","MÉDIO","MÁXIMO","TOTAL"]
["Distância à sede do município","km",13,{"v":2,"d":"2.0"},{"v":4.58,"d":"4.6"},{"v":12,"d":"12.0"},"-"]
["Área total","hectare",13,0.5,{"v":9.43,"d":"9.4"},36.3,122.6]
["Área com cultura perene","hectare",1,0.8,0.8,0.8,0.8]
["Área com cultura temporária","hectare",12,0.1,{"v":2.83,"d":"2.8"},{"v":17,"d":"17.0"},{"v":34,"d":"34.0"}]
["Área com pastagem","hectare",1,0.1,0.1,0.1,0.1]
["Área com reflorestamento","hectare",2,0.2,{"v":2.35,"d":"2.4"},4.5,4.7]
["Área com vegetação natural","hectare",11,0.2,{"v":4.56,"d":"4.6"},12.8,50.2]
["Área com vegetação de brejo e várzea","hectare",10,0.2,{"v":0.74,"d":"0.7"},{"v":2,"d":"2.0"},7.4]
["Área em descanso","hectare",8,0.3,{"v":2.49,"d":"2.5"},9.2,19.9]
["Área complementar","hectare",13,0.1,{"v":0.42,"d":"0.4"},1.5,5.5]
["Área das UPAs com (0, 1] ha","hectare",1,0.5,0.5,0.5,0.5]
["Área das UPAs com (1, 2] ha","hectare",2,1.6,1.8,{"v":2,"d":"2.0"},3.6]
["Área das UPAs com (2, 5] ha","hectare",3,2.1,3.8,4.8,11.4]
["Área das UPAs com (5, 10] ha","hectare",4,5.7,{"v":7.53,"d":"7.5"},{"v":10,"d":"10.0"},30.1]
["Área das UPAs com (10, 20] ha","hectare",1,16.5,16.5,16.5,16.5]
["Área das UPAs com (20, 50] ha","hectare",2,24.2,{"v":30.25,"d":"30.3"},36.3,60.5]
["Área das UPAs com (50, 100] ha","hectare","-","-","-","-","-"]
["Área das UPAs com (100, 200] ha","hectare","-","-","-","-","-"]
["Área das UPAs com (200, 500] ha","hectare","-","-","-","-","-"]
["Área das UPAs com (500, 1.000] ha","hectare","-","-","-","-","-"]
["Área das UPAs com (1.000, 2.000] ha","hectare","-","-","-","-","-"]
["Área das UPAs com (2.000, 5.000] ha","hectare","-","-","-","-","-"]
["Área das UPAs com (5.000, 10.000] ha","hectare","-","-","-","-","-"]
["Área das UPAs acima de 10.000 ha","hectare","-","-","-","-","-"]
["Familiares do proprietário que trabalham na UPA","unidade",13,{"v":1,"d":"1.0"},{"v":2.85,"d":"2.9"},{"v":4,"d":"4.0"},{"v":37,"d":"37.0"}]
["Trabalhadores permanentes","unidade",9,{"v":1,"d":"1.0"},{"v":3.44,"d":"3.4"},{"v":8,"d":"8.0"},{"v":31,"d":"31.0"}]
["Fonte: Secretaria de Agricultura e Abastecimento, CDRS/IEA, Projeto LUPA."]
[]
["TABELA 168.2 - Explorações Animais, Município de Embu das Artes, Estado de São Paulo, 2007/08."]
["ITEM","UNIDADE","N.DE UPAs","MÍNIMO","MÉDIO","MÁXIMO","TOTAL"]
["Fonte: Secretaria de Agricultura e Abastecimento, CDRS/IEA, Projeto LUPA."]
[]
["TABELA 168.3 -  Máquinas, Implementos e Benfeitorias, Município de Embu das Artes, Estado de São Paulo, 2007/08."]
["ITEM","UNIDADE","N.DE UPAs","MÍNIMO","MÉDIO","MÁXIMO","TOTAL"]
["Arado Comum (Bacia, Aiveca)","Unidade",1,{"v":1,"d":"1.0"},{"v":1,"d":"1.0"},{"v":1,"d":"1.0"},{"v":1,"d":"1.0"}]
["Arado Escarificador","Unidade",2,{"v":1,"d":"1.0"},{"v":1,"d":"1.0"},{"v":1,"d":"1.0"},{"v":2,"d":"2.0"}]
["Arado Subsolador","Unidade",2,{"v":1,"d":"1.0"},{"v":1,"d":"1.0"},{"v":1,"d":"1.0"},{"v":2,"d":"2.0"}]
["Computador","Unidade",2,{"v":1,"d":"1.0"},{"v":1,"d":"1.0"},{"v":1,"d":"1.0"},{"v":2,"d":"2.0"}]
["Conj.Irrigação Convencional","Unidade",10,{"v":1,"d":"1.0"},1.3,{"v":2,"d":"2.0"},{"v":13,"d":"13.0"}]
["Desintegrador, Picador, Triturador","Unidade",1,{"v":1,"d":"1.0"},{"v":1,"d":"1.0"},{"v":1,"d":"1.0"},{"v":1,"d":"1.0"}]
["Microtrator","Unidade",8,{"v":1,"d":"1.0"},{"v":1.25,"d":"1.3"},{"v":3,"d":"3.0"},{"v":10,"d":"10.0"}]
["Pulverizador Tratorizado","Unidade",1,{"v":2,"d":"2.0"},{"v":2,"d":"2.0"},{"v":2,"d":"2.0"},{"v":2,"d":"2.0"}]
["Trator de Pneus","Unidade",3,{"v":1,"d":"1.0"},{"v":3,"d":"3.0"},{"v":5,"d":"5.0"},{"v":9,"d":"9.0"}]
["Açude/Represa","Unidade",9,{"v":1,"d":"1.0"},{"v":1.78,"d":"1.8"},{"v":4,"d":"4.0"},{"v":16,"d":"16.0"}]
["Barracão/Galpão/Garagem","Unidade",12,{"v":1,"d":"1.0"},{"v":1.33,"d":"1.3"},{"v":3,"d":"3.0"},{"v":16,"d":"16.0"}]
["Casa de Moradia Habitada","Unidade",12,{"v":1,"d":"1.0"},{"v":3.83,"d":"3.8"},{"v":15,"d":"15.0"},{"v":46,"d":"46.0"}]
["Casa de Moradia Total","Unidade",13,{"v":1,"d":"1.0"},{"v":3.77,"d":"3.8"},{"v":15,"d":"15.0"},{"v":49,"d":"49.0"}]
["Depósito/Tulha","Unidade",5,{"v":1,"d":"1.0"},1.6,{"v":3,"d":"3.0"},{"v":8,"d":"8.0"}]
["Estufa/Plasticultura","m²",10,{"v":400,"d":"400.0"},{"v":4770,"d":"4,770.0"},{"v":15000,"d":"15,000.0"},{"v":47700,"d":"47,700.0"}]
["Poço Semi-Artesiano","Unidade",2,{"v":1,"d":"1.0"},1.5,{"v":2,"d":"2.0"},{"v":3,"d":"3.0"}]
["Fonte: Secretaria de Agricultura e Abastecimento, CDRS/IEA, Projeto LUPA."]
[]
["TABELA 168.4 - Outras Estatísticas Agrícolas, Município de Embu das Artes, Estado de São Paulo, 2007/08."]
["ITEM","Número de UPAs",null,"Percentual"]
["Faz Parte de Associação de Produtores",5,null,{"v":38.46153846153846,"d":"38.5"}]
["Faz Parte de Cooperativa de Produtores","-",null,"-"]
["Faz Parte do Sindicato de Produtores",8,null,{"v":61.53846153846153,"d":"61.5"}]
["Não utiliza assistência técnica ","-",null,"-"]
["Utiliza somente assistência técnica governamental ",1,null,{"v":7.6923076923076925,"d":"7.7"}]
["Utiliza somente assistência técnica privada ",0,null,{"v":0,"d":"0.0"}]
["Utiliza assistência técnica tanto governamental quanto privada",12,null,{"v":92.3076923076923,"d":"92.3"}]
["Utiliza Crédito Rural",1,null,{"v":7.6923076923076925,"d":"7.7"}]
["Utiliza Seguro Rural","-",null,"-"]
["Utiliza Escrituração Agrícola","-",null,"-"]
["Acessa Internet p/ Fins na Agropecuária",2,null,{"v":15.384615384615383,"d":"15.4"}]
["Utiliza Computador nas Atividades Agropecuárias",3,null,{"v":23.076923076923077,"d":"23.1"}]
["Utiliza Energia Elétrica Para Uso na Atividade Agrícola",13,null,{"v":100,"d":"100.0"}]
["Realiza Análise de Solo, quando necessário",3,null,{"v":23.076923076923077,"d":"23.1"}]
["Utiliza Práticas de Conservação de Solo, quando necessário",9,null,{"v":69.23076923076923,"d":"69.2"}]
["Faz Adubação Mineral, quando necessário",13,null,{"v":100,"d":"100.0"}]
["Faz Adubação Orgânica, quando necessário",12,null,{"v":92.3076923076923,"d":"92.3"}]
["Faz Adubação Verde, quando necessário",4,null,{"v":30.769230769230766,"d":"30.8"}]
["Utiliza Manejo Integrado de Pragas (MIP)","-",null,"-"]
["Utiliza Hidroponia",3,null,{"v":23.076923076923077,"d":"23.1"}]
["Utiliza Plasticultura",10,null,{"v":76.92307692307692,"d":"76.9"}]
["Utiliza Mudas Fiscalizadas",8,null,{"v":61.53846153846153,"d":"61.5"}]
["Utiliza Semente Melhorada",12,null,{"v":92.3076923076923,"d":"92.3"}]
["Faz Confinamento de Bovinos","-",null,"-"]
["Utiliza Pastejo Intensivo","-",null,"-"]
["Faz Inseminação Artificial","-",null,"-"]
["Faz Mineralização do Rebanho","-",null,"-"]
["Faz Vermifugação do Rebanho","-",null,"-"]
["Possui Parceiros /Arrendatários na Exploração Animal","-",null,"-"]
["Esporte e lazer","-",null,"-"]
["Extração mineral","-",null,"-"]
["Hotel Fazenda, Pousada ou SPA","-",null,"-"]
["Pesque-pague",1,null,{"v":7.6923076923076925,"d":"7.7"}]
["Restaurante ou Lanchonete","-",null,"-"]
["Transformação artesanal","-",null,"-"]
["Turismo rural ou ecoturismo","-",null,"-"]
["Outras atividades econômicas rurais","-",null,"-"]
["Agroindústria","-",null,"-"]
["Proprietário sem instrução ou com instrução incompleta","-",null,"-"]
["Proprietário com antigo primário completo",2,null,{"v":15.384615384615383,"d":"15.4"}]
["Proprietário com 1° grau (ou antigo ginasial) completo",5,null,{"v":38.46153846153846,"d":"38.5"}]
["Proprietário com 2° grau (ou antigo colegial) completo",4,null,{"v":30.769230769230766,"d":"30.8"}]
["Proprietário com curso superior completo ",2,null,{"v":15.384615384615383,"d":"15.4"}]
["Pessoa Jurídica","-",null,"-"]
["Proprietário residente na própria UPA ",11,null,{"v":84.61538461538461,"d":"84.6"}]
["Fonte: Secretaria de Agricultura e Abastecimento, CDRS/IEA, Projeto LUPA."]
[]
["TABELA 168.5 - Área Cultivada, Município de Embu das Artes, Estado de São Paulo, 2007/08."]
["CULTURA","N.DE UPAs","MÍNIMO","MÉDIO","MÁXIMO","TOTAL"]
["Chuchu",2,{"v":8,"d":"8.0"},12.5,{"v":17,"d":"17.0"},{"v":25,"d":"25.0"}]
["Alface",5,0.3,2.8,{"v":5,"d":"5.0"},{"v":14,"d":"14.0"}]
["Viveiro de flores e ornamentais",5,0.6,{"v":2.54,"d":"2.5"},{"v":6,"d":"6.0"},12.7]
["Outras olericolas",3,0.9,{"v":1.97,"d":"2.0"},{"v":3,"d":"3.0"},5.9]
["Eucalipto",2,0.2,{"v":2.35,"d":"2.4"},4.5,4.7]
["Brocolos (ou brocolis)",1,{"v":1,"d":"1.0"},{"v":1,"d":"1.0"},{"v":1,"d":"1.0"},{"v":1,"d":"1.0"}]
["Couve (ou couve-crespa)",2,0.2,0.4,0.6,0.8]
["Pessego",1,0.8,0.8,0.8,0.8]
["Outras gramineas para pastagem",1,0.1,0.1,0.1,0.1]
["Fonte: Secretaria de Agricultura e Abastecimento, CDRS/IEA, Projeto LUPA."]